[Event "Lloyds Bank Masters 1st"]
[Site "London"]
[Date "1977.08.26"]
[Round "1.1"]
[White "Emerson, Roger"]
[Black "Quinteros, Miguel"]
[Result "0-1"]
[WhiteElo "2225"]
[BlackElo "2555"]
[PlyCount "86"]
[EventDate "1977.08.26"]
[EventType "swiss"]
[EventRounds "10"]
[EventCountry "ENG"]
[SourceTitle "Roger Emerson"]
[Source "BritBase"]
[SourceDate "2020.09.21"]
[SourceVersion "1"]
[SourceVersionDate "2020.09.21"]
[SourceQuality "1"]

1. e4 c5 2. Nf3 e6 3. d4 cxd4 4. Nxd4 Nf6 5. Nc3 Nc6 6. Ndb5 d6 7. Bf4 e5 8.
Bg5 a6 9. Na3 b5 10. Bxf6 gxf6 11. Nd5 f5 12. Bxb5 axb5 13. Nxb5 Ra7 14. Nxa7
Nxa7 15. exf5 Bxf5 16. Qf3 Be6 17. Nf6+ Ke7 18. O-O Bg7 19. Nh5 Rg8 20. Rad1
Qd7 21. Qe4 f5 22. Qh4+ Kf8 23. Rfe1 Nc6 24. Re3 Qe7 25. Qxe7+ Kxe7 26. Red3 d5
27. Rb3 Bh8 28. Rb7+ Kd6 29. Ng3 e4 30. c3 Rg7 31. Rb5 Rf7 32. Nf1 f4 33. Nd2
Kc7 34. Nb3 Rf5 35. Nc5 Bc8 36. Nb3 e3 37. Re1 Ba6 38. Rc5 Kd6 39. h4 e2 40.
Nd4 Nxd4 41. cxd4 Bxd4 42. Rc2 Re5 43. Rd2 Ba7 {Source: Roger Emerson} 0-1

[Event "Lloyds Bank Masters 1st"]
[Site "London"]
[Date "1977.08.26"]
[Round "1.2"]
[White "Torre, Eugenio"]
[Black "Wills, Michael W"]
[Result "1-0"]
[WhiteElo "2550"]
[BlackElo "2225"]
[PlyCount "93"]
[EventDate "1977.08.26"]
[EventType "swiss"]
[EventRounds "10"]
[EventCountry "ENG"]

1. e4 e5 2. Nf3 Nc6 3. Bb5 a6 4. Ba4 d6 5. c3 f5 6. exf5 Bxf5 7. O-O Bd3 8. Re1
Be7 9. Bc2 Bxc2 10. Qxc2 Nf6 11. Ng5 Qc8 12. d4 exd4 13. Ne6 d3 14. Qxd3 Ne5
15. Qh3 Kf7 16. Ng5+ Kg8 17. Qe3 h6 18. Nf3 Nxf3+ 19. Qxf3 Kf7 20. Be3 c6 21.
h3 Re8 22. Nd2 d5 23. Bd4 Qd7 24. Rad1 Kg8 25. Re3 Bd8 26. Rde1 Rxe3 27. Qxe3
Qf7 28. Nf3 Nd7 29. Qe8+ Qxe8 30. Rxe8+ Kf7 31. Rh8 c5 32. Ne5+ Nxe5 33. Bxe5
Rc8 34. Kf1 b5 35. Ke2 a5 36. f4 a4 37. a3 h5 38. g4 hxg4 39. hxg4 g6 40. g5
Ke6 41. Rg8 d4 42. cxd4 cxd4 43. Rxg6+ Kf5 44. Rg8 Ke4 45. Kd1 d3 46. g6 Kf5
47. g7 1-0

[Event "Lloyds Bank Masters 1st"]
[Site "London"]
[Date "1977.08.26"]
[Round "1.3"]
[White "Hodgson, Julian M"]
[Black "Hartston, William Roland"]
[Result "1/2-1/2"]
[WhiteElo "2210"]
[BlackElo "2475"]
[PlyCount "101"]
[EventDate "1977.08.26"]
[EventType "swiss"]
[EventRounds "10"]
[EventCountry "ENG"]

1. e4 c5 2. f4 e6 3. Nf3 Nc6 4. Bb5 Nge7 5. O-O a6 6. Bxc6 Nxc6 7. Nc3 Be7 8.
d3 O-O 9. Qe1 b5 10. Qg3 b4 11. Ne2 d5 12. f5 Kh8 13. fxe6 dxe4 14. Ng5 Bxe6
15. Nxe6 fxe6 16. Rxf8+ Bxf8 17. Bg5 Be7 18. Bxe7 Qxe7 19. dxe4 Rf8 20. Rd1 Qf6
21. h3 h6 22. Qe3 Qe5 23. c3 a5 24. Rd7 Kg8 25. Qg3 Qxg3 26. Nxg3 Ne5 27. Ra7
Rd8 28. Rxa5 Rd1+ 29. Kh2 Rd2 30. Nh5 Nf3+ 31. Kg3 Ne1 32. Rxc5 Rxg2+ 33. Kf4
Nd3+ 34. Kf3 Rf2+ 35. Ke3 Nxc5 36. Kxf2 bxc3 37. bxc3 Nxe4+ 38. Ke3 Nxc3 39. a3
Kf7 40. Kd3 Na4 41. Kc4 g5 42. Kb5 Nb2 43. a4 Nxa4 44. Kxa4 Kg6 45. Ng3 h5 46.
Kb4 h4 47. Nf1 Kf5 48. Kc5 Kf4 49. Kd4 e5+ 50. Kd5 e4 51. Kd4 1/2-1/2

[Event "Lloyds Bank Masters 1st"]
[Site "London"]
[Date "1977.08.26"]
[Round "1.4"]
[White "Noyce, Terence Clifford"]
[Black "Pritchett, Craig William"]
[Result "0-1"]
[WhiteElo "2210"]
[BlackElo "2425"]
[PlyCount "90"]
[EventDate "1977.08.26"]
[EventType "swiss"]
[EventRounds "10"]
[EventCountry "ENG"]

1. e4 c5 2. Nc3 e6 3. g3 d5 4. d3 Nf6 5. Bg2 Be7 6. e5 Nfd7 7. f4 Nc6 8. Nf3
O-O 9. O-O Rb8 10. Re1 b5 11. a3 a5 12. a4 b4 13. Nb5 Ba6 14. c4 bxc3 15. Nxc3
Nb4 16. Bf1 d4 17. Ne4 Nb6 18. h4 Qd5 19. b3 Qd7 20. Nf2 N6d5 21. Qd2 Ne3 22.
Rb1 Qd5 23. Rxe3 dxe3 24. Qxe3 Rfd8 25. Ne1 f5 26. Bd2 Qd7 27. Qe2 h6 28. Bc3
Bb7 29. Qd1 Bd5 30. Bg2 Bxg2 31. Kxg2 Qc7 32. Qe2 Nc6 33. Qd1 Kh7 34. Nf3 Qb7
35. Kf1 Kg8 36. Nd2 Nb4 37. Nf3 Qd5 38. Ne1 Rd7 39. Ke2 Rdb7 40. Nf3 Nc6 41.
Nd2 Nd4+ 42. Bxd4 cxd4 43. Nc4 Bb4 44. Qf1 Bc3 45. Kd1 Rxb3 {time} 0-1

[Event "Lloyds Bank Masters 1st"]
[Site "London"]
[Date "1977.08.26"]
[Round "1.7"]
[White "Formanek, Edward W"]
[Black "Stuttard, Terence J"]
[Result "1-0"]
[WhiteElo "2410"]
[BlackElo "2200"]
[PlyCount "45"]
[EventDate "1977.08.26"]
[EventType "swiss"]
[EventRounds "10"]
[EventCountry "ENG"]

1. e4 Nf6 2. e5 Nd5 3. d4 d6 4. f4 c5 5. c4 Nc7 6. d5 g6 7. Bd3 Bg7 8. Qe2 O-O
9. Nc3 e6 10. exd6 Bxc3+ 11. bxc3 Qxd6 12. dxe6 Re8 13. exf7+ Kxf7 14. Be3 Bg4
15. Nf3 Bxf3 16. gxf3 Ne6 17. Be4 Nxf4 18. Qd2 Qxd2+ 19. Kxd2 Rd8+ 20. Kc2 Ng2
21. Bg5 Rd7 22. Rhg1 h6 23. Bxh6 1-0

[Event "Lloyds Bank Masters 1st"]
[Site "London"]
[Date "1977.08.26"]
[Round "1.8"]
[White "Cummings, David H"]
[Black "Vranesic, Zvonko"]
[Result "0-1"]
[WhiteElo "2190"]
[BlackElo "2400"]
[PlyCount "112"]
[EventDate "1977.08.26"]
[EventType "swiss"]
[EventRounds "10"]
[EventCountry "ENG"]

1. c4 c5 2. Nc3 Nc6 3. g3 g6 4. Bg2 Bg7 5. d3 e6 6. Nh3 Nge7 7. Nf4 a6 8. Qd2
b5 9. Nxb5 axb5 10. cxb5 Bb7 11. bxc6 Bxc6 12. h4 h5 13. O-O O-O 14. Qc2 Qb6
15. Be3 d6 16. a4 Qxb2 17. Qxb2 Bxb2 18. Ra2 Rfb8 19. Rb1 Bc3 20. Rxb8+ Rxb8
21. Bxc6 Nxc6 22. Rc2 Rb3 23. Bd2 Bxd2 24. Rxd2 Nb4 25. Rd1 Ra3 26. Ng2 Rxa4
27. Ne3 d5 28. Rc1 Ra5 29. g4 hxg4 30. Nxg4 Nc6 31. Nf6+ Kg7 32. Nd7 Nd4 33.
Kf1 Nb3 34. Rc3 Rb5 35. Ne5 Kf6 36. Ng4+ Ke7 37. Ne5 Nd4 38. e3 Nf5 39. Ra3 Rb7
40. Nf3 Kf6 41. e4 dxe4 42. dxe4 Nd4 43. Ng5 Ke5 44. Rc3 Rc7 45. f3 c4 46. Kf2
Nb5 47. Rc1 Kd4 48. f4 c3 49. f5 exf5 50. exf5 Kd3 51. Nf3 Rc5 52. fxg6 fxg6
53. Kg3 Kc4 54. Rh1 c2 55. Rc1 Kc3 56. Ne1 Nd4 0-1

[Event "Lloyds Bank Masters 1st"]
[Site "London"]
[Date "1977.08.26"]
[Round "1.12"]
[White "Wicker, Kevin J"]
[Black "Rumens, David E"]
[Result "1/2-1/2"]
[WhiteElo "2310"]
[BlackElo "2270"]
[PlyCount "73"]
[EventDate "1977.08.26"]
[EventType "swiss"]
[EventRounds "10"]
[EventCountry "ENG"]

1. e3 f5 2. c4 Nf6 3. Nc3 e6 4. g3 Be7 5. Bg2 O-O 6. Nge2 d6 7. O-O Qe8 8. b4
e5 9. Bb2 a5 10. a3 c6 11. d4 e4 12. d5 axb4 13. axb4 Rxa1 14. Bxa1 Na6 15.
dxc6 bxc6 16. b5 cxb5 17. cxb5 Nc5 18. Nd4 Bd7 19. Qe2 Qa8 20. Rb1 Rb8 21. h3
d5 22. Bf1 Rb6 23. Qa2 Qb7 24. Nxd5 Nxd5 25. Bc4 Rd6 26. Nc6 Bxc6 27. bxc6 Qxc6
28. Rb8+ Kf7 29. Be5 Rd7 30. Bb5 Qe6 31. Bd4 Nd3 32. Qa7 Ne5 33. Bxe5 Rxa7 34.
Be8+ Kf8 35. Bd7+ Kf7 36. Be8+ Kf8 37. Bd7+ 1/2-1/2

[Event "Lloyds Bank Masters 1st"]
[Site "London"]
[Date "1977.08.26"]
[Round "1.13"]
[White "Law, Andrew P"]
[Black "O'Connell, Kevin J"]
[Result "1-0"]
[WhiteElo "2400"]
[BlackElo "2120"]
[PlyCount "47"]
[EventDate "1977.08.26"]
[EventType "swiss"]
[EventRounds "10"]
[EventCountry "ENG"]

1. c4 c5 2. Nf3 Nc6 3. Nc3 e6 4. g3 g6 5. d4 Bg7 6. dxc5 Qa5 7. Bd2 Qxc5 8. Ne4
Qb6 9. Rb1 Nf6 10. c5 Qd8 11. Nd6+ Ke7 12. Bg2 Rb8 13. O-O h6 14. Bc3 Ne8 15.
Bxg7 Nxg7 16. b4 a6 17. Qd2 Kf8 18. a4 b5 19. axb5 axb5 20. Qf4 Qe7 21. Nh4 Kg8
22. Bxc6 e5 23. Qg4 f5 24. Bd5+ 1-0

[Event "Lloyds Bank Masters 1st"]
[Site "London"]
[Date "1977.08.26"]
[Round "1.14"]
[White "Patterson, Nicholas J"]
[Black "Bellin, Robert"]
[Result "1-0"]
[WhiteElo "2340"]
[BlackElo "2400"]
[PlyCount "53"]
[EventDate "1977.08.26"]
[EventType "swiss"]
[EventRounds "10"]
[EventCountry "ENG"]

1. d4 Nf6 2. c4 e6 3. Nc3 Bb4 4. f3 c5 5. d5 b5 6. e4 bxc4 7. Bxc4 exd5 8. Bxd5
Nxd5 9. Qxd5 Nc6 10. Bg5 Qa5 11. Nge2 O-O 12. O-O Ba6 13. Rfd1 Rab8 14. Qxd7
Ne5 15. Qf5 f6 16. a3 Bxc3 17. Nxc3 Bc8 18. Qf4 Be6 19. Nd5 Bxd5 20. exd5 Rxb2
21. d6 Qb5 22. Qe4 c4 23. Bf4 Nd3 24. d7 Qc5+ 25. Be3 Qc7 26. Rac1 Nxc1 27.
Qd5+ 1-0

[Event "Lloyds Bank Masters 1st"]
[Site "London"]
[Date "1977.08.26"]
[Round "1.15"]
[White "Taulbut, Shaun M"]
[Black "Marlow, Michael W"]
[Result "1/2-1/2"]
[WhiteElo "2395"]
[BlackElo "2360"]
[PlyCount "67"]
[EventDate "1977.08.26"]
[EventType "swiss"]
[EventRounds "10"]
[EventCountry "ENG"]

1. e4 c5 2. Nf3 d6 3. Bb5+ Bd7 4. Bxd7+ Qxd7 5. O-O Nc6 6. c3 Nf6 7. Qe2 e6 8.
d4 cxd4 9. cxd4 d5 10. e5 Ne4 11. Be3 Be7 12. Ne1 f5 13. exf6 Bxf6 14. Nf3 O-O
15. Nbd2 Nxd2 16. Qxd2 e5 17. dxe5 Nxe5 18. Nxe5 Bxe5 19. Rad1 b6 20. Bd4 Bxd4
21. Qxd4 Rad8 22. Rfe1 Rfe8 23. h3 Rxe1+ 24. Rxe1 Qd6 25. g3 h6 26. Kg2 Rf8 27.
Re5 Rd8 28. Re2 Kf8 29. h4 Qc5 30. Rd2 Qxd4 31. Rxd4 Ke7 32. Kf3 Kd6 33. Ke2
Re8+ 34. Kd2 1/2-1/2

[Event "Lloyds Bank Masters 1st"]
[Site "London"]
[Date "1977.08.26"]
[Round "1.16"]
[White "Cooper, John G"]
[Black "Mayers, Dan E"]
[Result "1/2-1/2"]
[WhiteElo "2320"]
[BlackElo "2110"]
[PlyCount "50"]
[EventDate "1977.08.26"]
[EventType "swiss"]
[EventRounds "10"]
[EventCountry "ENG"]

1. d4 Nf6 2. c4 e6 3. Nc3 Bb4 4. Bg5 h6 5. Bh4 c5 6. d5 g5 7. Bg3 Ne4 8. Qc2
Qf6 9. Rc1 exd5 10. cxd5 Qg6 11. e3 d6 12. Bd3 Bf5 13. Ke2 Bxc3 14. Bxe4 Bxe4
15. Qxc3 O-O 16. h4 g4 17. h5 Qg7 18. Qxg7+ Kxg7 19. Rh4 f5 20. f3 Bxd5 21.
fxg4 Nd7 22. gxf5 Rxf5 23. Nf3 Nf6 24. Bxd6 Ne4 25. Be5+ Kh7 1/2-1/2

[Event "Lloyds Bank Masters 1st"]
[Site "London"]
[Date "1977.08.26"]
[Round "1.17"]
[White "Baker, Chris W"]
[Black "Franklin, Michael J"]
[Result "1/2-1/2"]
[WhiteElo "2175"]
[BlackElo "2300"]
[PlyCount "44"]
[EventDate "1977.08.26"]
[EventType "swiss"]
[EventRounds "10"]
[EventCountry "ENG"]

1. e4 c5 2. Nf3 a6 3. c3 d5 4. exd5 Qxd5 5. d4 e6 6. Be2 Nf6 7. O-O Nc6 8. Be3
cxd4 9. cxd4 Be7 10. Nc3 Qa5 11. Nd2 O-O 12. Nc4 Qd8 13. Bf3 Nb4 14. Qb3 a5 15.
Rac1 Bd7 16. Ne5 Be8 17. a4 Nfd5 18. Nxd5 Nxd5 19. Qxb7 Bxa4 20. Bxd5 exd5 21.
Rc7 Rb8 22. Qa7 Ra8 1/2-1/2

[Event "Lloyds Bank Masters 1st"]
[Site "London"]
[Date "1977.08.26"]
[Round "1.18"]
[White "Waters, Peter John"]
[Black "Henshaw, John C"]
[Result "1/2-1/2"]
[WhiteElo "2320"]
[BlackElo "2170"]
[PlyCount "89"]
[EventDate "1977.08.26"]
[EventType "swiss"]
[EventRounds "10"]
[EventCountry "ENG"]

1. e4 e5 2. Nf3 Nc6 3. Bb5 f5 4. Nc3 Nd4 5. Bc4 Nf6 6. O-O Nxf3+ 7. Qxf3 fxe4
8. Nxe4 c6 9. d4 d5 10. Nxf6+ Qxf6 11. Qxf6 gxf6 12. Bb3 exd4 13. Bf4 Bc5 14.
c4 dxc3 15. bxc3 Be6 16. Be3 Bxe3 17. fxe3 O-O 18. Rf4 f5 19. Raf1 Rf7 20. Bc2
Raf8 21. a4 Kg7 22. a5 Bc8 23. h4 Rf6 24. Kf2 Kf7 25. g4 fxg4 26. Rxf6+ Kxf6
27. Kg3+ Kg7 28. Rxf8 Kxf8 29. Bxh7 Kg7 30. Bd3 Kh6 31. e4 dxe4 32. Bxe4 Bd7
33. Kf4 b6 34. axb6 axb6 35. c4 Kh5 36. Kg3 b5 37. cxb5 cxb5 38. Bd5 b4 39.
Bf7+ Kh6 40. Kf4 Kg7 41. Bc4 Kg6 42. Bd5 Kh5 43. Kg3 Kh6 44. Kf4 Kg6 45. Bc4 {
Source: John Henshaw via Brian Denman, 23 September 2020} 1/2-1/2

[Event "Lloyds Bank Masters 1st"]
[Site "London"]
[Date "1977.08.26"]
[Round "1.19"]
[White "Sales, Keith Donald"]
[Black "Rayner, Emmanuel"]
[Result "0-1"]
[WhiteElo "2160"]
[BlackElo "2335"]
[PlyCount "106"]
[EventDate "1977.08.26"]
[EventType "swiss"]
[EventRounds "10"]
[EventCountry "ENG"]

1. c4 g6 2. Nf3 Bg7 3. g3 Nf6 4. Bg2 O-O 5. O-O d5 6. cxd5 Nxd5 7. d4 Nb6 8.
Nc3 Nc6 9. e3 Re8 10. Ne1 e5 11. d5 Na5 12. Nc2 c6 13. e4 cxd5 14. exd5 Nac4
15. b3 Nd6 16. Bb2 Bd7 17. a4 Nbc8 18. Ne3 f5 19. Rc1 Nf7 20. Ba3 Ncd6 21. Nc4
Bf8 22. Nxd6 Bxd6 23. Bxd6 Nxd6 24. Qd2 Qb6 25. Qb2 Rac8 26. Rc2 e4 27. Ne2
Rxc2 28. Qxc2 Rc8 29. Qb1 Nf7 30. h3 Ne5 31. Kh2 h5 32. Qa1 Qd6 33. Qd4 Rc2 34.
Nc3 h4 35. Qe3 hxg3+ 36. fxg3 Nf3+ 37. Rxf3 exf3 38. Qxf3 Qe5 39. Nd1 Qd4 40.
h4 Rd2 41. Ne3 Rd3 42. Nc2 Rxf3 43. Nxd4 Rd3 44. Nb5 Bxb5 45. axb5 b6 46. d6
Rxd6 47. Bf1 Kg7 48. Kg2 Kf6 49. Kf3 Ke5 50. Ke3 Rd4 51. Bc4 f4+ 52. Kf3 Kf5
53. g4+ Ke5 0-1

[Event "Lloyds Bank Masters 1st"]
[Site "London"]
[Date "1977.08.26"]
[Round "1.23"]
[White "James, Geoffrey H"]
[Black "King, Daniel J"]
[Result "1/2-1/2"]
[WhiteElo "2230"]
[BlackElo "2105"]
[PlyCount "64"]
[EventDate "1977.08.26"]
[EventType "swiss"]
[EventRounds "10"]
[EventCountry "ENG"]

1. e4 c5 2. Nf3 Nc6 3. Bb5 g6 4. O-O Bg7 5. Re1 Nf6 6. e5 Nd5 7. Nc3 Nc7 8.
Bxc6 dxc6 9. d3 O-O 10. Bg5 h6 11. Bh4 Ne6 12. Qd2 Nd4 13. Nxd4 cxd4 14. Ne4 b6
15. a4 a5 16. Bg3 c5 17. Qf4 Qd5 18. Nd2 Bb7 19. f3 Qe6 20. h3 Bd5 21. b3 h5
22. Bh4 Rac8 23. Ne4 Bxe5 24. Qh6 Bxe4 25. Rxe4 Qd6 26. Rae1 Bf6 27. Bxf6 exf6
28. f4 f5 29. Re6 Qd8 30. Rxg6+ fxg6 31. Qxg6+ Kh8 32. Qh6+ Kg8 1/2-1/2

[Event "Lloyds Bank Masters 1st"]
[Site "London"]
[Date "1977.08.26"]
[Round "1.25"]
[White "Nicholson, John G"]
[Black "Williams, Tony M"]
[Result "1-0"]
[WhiteElo "2320"]
[BlackElo "2095"]
[PlyCount "97"]
[EventDate "1977.08.26"]
[EventType "swiss"]
[EventRounds "10"]
[EventCountry "ENG"]

1. e4 e6 2. d4 d5 3. Nc3 Bb4 4. e5 Qd7 5. a3 Bxc3+ 6. bxc3 b6 7. Qg4 f5 8. Qg3
Ba6 9. Bxa6 Nxa6 10. a4 Nb8 11. Ne2 Nc6 12. O-O Na5 13. Nf4 O-O-O 14. Ba3 Nc4
15. a5 g6 16. Bb4 Ne7 17. Ra2 Nc6 18. Rfa1 Rdg8 19. axb6 cxb6 20. Nd3 g5 21.
Nb2 Nxb2 22. Rxb2 Nxb4 23. Rxb4 Rg7 24. c4 dxc4 25. Rxc4+ Kb8 26. Qa3 Rc8 27.
Rb4 Qd5 28. Ra4 a5 29. Qb2 Rb7 30. R4a3 Qc4 31. c3 Rc6 32. Rb1 Qd3 33. Rb3 a4
34. Ra3 b5 35. Rc1 Rc4 36. Raa1 Rc6 37. Qb4 Qc4 38. Qa5 Rbb6 39. Rab1 Kb7 40.
h3 Qd5 41. Qb4 Rc7 42. Qf8 h5 43. Qh6 a3 44. Qxg5 a2 45. Ra1 b4 46. cxb4 Rxb4
47. Rxc7+ Kb6 48. Rcc1 Qb3 49. Qd8+ 1-0

[Event "Lloyds Bank Masters 1st"]
[Site "London"]
[Date "1977.08.26"]
[Round "1.29"]
[White "Nunn, John DM"]
[Black "Benjamin, Jonathan C"]
[Result "1-0"]
[WhiteElo "2410"]
[BlackElo "2135"]
[PlyCount "80"]
[EventDate "1977.08.26"]
[EventType "swiss"]
[EventRounds "10"]
[EventCountry "ENG"]

1. e4 e5 2. Nf3 Nc6 3. Bb5 a6 4. Ba4 Nf6 5. O-O Be7 6. Re1 b5 7. Bb3 d6 8. c3
O-O 9. d4 Bg4 10. d5 Na5 11. Bc2 c6 12. h3 Bd7 13. dxc6 Bxc6 14. Nbd2 Qc7 15.
Qe2 Rfe8 16. b4 Nb7 17. Bb2 Bf8 18. c4 bxc4 19. Qxc4 Qb6 20. a3 Rac8 21. Qa2
Bd5 22. Bb3 Bxb3 23. Qxb3 h6 24. Rac1 Rxc1 25. Rxc1 a5 26. Rc4 Rb8 27. Qa4 axb4
28. Rc6 Qa5 29. Qxb4 d5 30. Qb3 dxe4 31. Nxe5 Qxd2 32. Qxf7+ Kh7 33. Rxf6 Nd6
34. Qg6+ Kg8 35. Nc4 Nxc4 36. Rxf8+ Kxf8 37. Bxg7+ Ke7 38. Qxe4+ Kd7 39. Qxc4
Rb1+ 40. Kh2 Qd6+ 1-0

[Event "Lloyds Bank Masters 1st"]
[Site "London"]
[Date "1977.08.26"]
[Round "1.30"]
[White "Sowray, Peter John"]
[Black "Povah, Nigel Edward"]
[Result "1/2-1/2"]
[WhiteElo "2160"]
[BlackElo "2320"]
[PlyCount "35"]
[EventDate "1977.08.26"]
[EventType "swiss"]
[EventRounds "10"]
[EventCountry "ENG"]

1. Nf3 d5 2. d4 Nc6 3. g3 Bg4 4. Bg2 Qd7 5. h3 Bf5 6. Nh4 Be4 7. c3 e5 8. Bxe4
dxe4 9. dxe5 Qxd1+ 10. Kxd1 O-O-O+ 11. Kc2 Bc5 12. Rf1 Nxe5 13. Ng2 Ne7 14. Nd2
f5 15. Nb3 Bb6 16. Be3 Nc4 17. Bxb6 axb6 18. Rad1 1/2-1/2

[Event "Lloyds Bank Masters 1st"]
[Site "London"]
[Date "1977.08.27"]
[Round "2.1"]
[White "Quinteros, Miguel"]
[Black "Bulford, Michael J"]
[Result "1/2-1/2"]
[WhiteElo "2555"]
[BlackElo "2170"]
[PlyCount "88"]
[EventDate "1977.08.26"]
[EventType "swiss"]
[EventRounds "10"]
[EventCountry "ENG"]

1. e4 e5 2. Nf3 Nc6 3. Bb5 a6 4. Ba4 d6 5. c3 Bd7 6. O-O g6 7. d4 Bg7 8. Be3
Nf6 9. dxe5 dxe5 10. Nbd2 Qe7 11. b4 b6 12. Ne1 O-O 13. Bg5 Nd8 14. Ndf3 Qe8
15. Bxd7 Nxd7 16. Bxd8 Rxd8 17. Qe2 Nb8 18. Nc2 Qc6 19. c4 Qa4 20. b5 Nd7 21.
a3 Nc5 22. Nb4 a5 23. Nd5 Rxd5 24. cxd5 Qxe4 25. Qxe4 Nxe4 26. Rfe1 f5 27. Rac1
Rd8 28. Rxc7 Rxd5 29. h4 Bf8 30. Rc8 Kg7 31. Rec1 Bc5 32. Kf1 h6 33. a4 Kf6 34.
Rc6+ Rd6 35. Ke2 Ke6 36. Rc8 g5 37. hxg5 hxg5 38. Rc2 g4 39. Nd2 Nxd2 40. Rxd2
Rxd2+ 41. Kxd2 Bxf2 42. Kd3 e4+ 43. Ke2 Bc5 44. g3 Kd5 1/2-1/2

[Event "Lloyds Bank Masters 1st"]
[Site "London"]
[Date "1977.08.27"]
[Round "2.2"]
[White "Bailey, Richard"]
[Black "Torre, Eugenio"]
[Result "0-1"]
[WhiteElo "2305"]
[BlackElo "2550"]
[PlyCount "56"]
[EventDate "1977.08.26"]
[EventType "swiss"]
[EventRounds "10"]
[EventCountry "ENG"]

1. d4 c5 2. d5 Nf6 3. Nc3 g6 4. e4 d6 5. Nf3 Bg7 6. Be2 O-O 7. O-O Na6 8. Bg5
Nc7 9. a4 h6 10. Bf4 b6 11. Re1 Bb7 12. Bf1 a6 13. Qd2 g5 14. Bg3 Nh5 15. Rad1
Nxg3 16. hxg3 Qd7 17. e5 b5 18. axb5 axb5 19. e6 fxe6 20. dxe6 Qc6 21. Qe2 b4
22. Ne4 Qxe4 23. Qxe4 Bxe4 24. Rxe4 Bxb2 25. Bc4 Ra1 26. Rxa1 Bxa1 27. Re1 Bc3
28. Rd1 Kg7 0-1

[Event "Lloyds Bank Masters 1st"]
[Site "London"]
[Date "1977.08.27"]
[Round "2.3"]
[White "Large, Peter G"]
[Black "Nunn, John DM"]
[Result "0-1"]
[WhiteElo "2280"]
[BlackElo "2410"]
[PlyCount "62"]
[EventDate "1977.08.26"]
[EventType "swiss"]
[EventRounds "10"]
[EventCountry "ENG"]

1. e4 c5 2. Nf3 d6 3. d4 Nf6 4. Nc3 cxd4 5. Nxd4 a6 6. Be2 Nbd7 7. O-O Nc5 8.
Bd3 g6 9. Nb3 b6 10. f4 Nxd3 11. cxd3 Bg7 12. Qe1 O-O 13. Qh4 b5 14. f5 b4 15.
Ne2 Qb6+ 16. Kh1 gxf5 17. Bh6 Bxh6 18. Qxh6 Bd7 19. Ng3 Kh8 20. Nxf5 Bxf5 21.
Rxf5 Rg8 22. Rc1 Rg6 23. Qh4 Rag8 24. Qf2 Qd8 25. g3 e6 26. Rf3 Ng4 27. Qd4+ e5
28. Qxb4 Nxh2 29. Rf2 Qg5 30. Rg1 Ng4 31. Rf3 Rh6+ 0-1

[Event "Lloyds Bank Masters 1st"]
[Site "London"]
[Date "1977.08.27"]
[Round "2.4"]
[White "Pritchett, Craig William"]
[Black "Law, Andrew P"]
[Result "1/2-1/2"]
[WhiteElo "2425"]
[BlackElo "2400"]
[PlyCount "80"]
[EventDate "1977.08.26"]
[EventType "swiss"]
[EventRounds "10"]
[EventCountry "ENG"]

1. e4 e5 2. Nf3 Nc6 3. Bb5 a6 4. Ba4 Nf6 5. O-O Be7 6. Re1 d6 7. c3 Bg4 8. d3
Nd7 9. Nbd2 Nc5 10. Bc2 Ne6 11. Nf1 Ng5 12. Bxg5 Bxg5 13. h3 Bh5 14. Ng3 Bg6
15. Nxg5 Qxg5 16. Qf3 O-O 17. Rad1 Rad8 18. b4 Kh8 19. a3 h6 20. Bb3 Ne7 21. d4
f5 22. dxe5 fxe4 23. Nxe4 Qxe5 24. Qg3 Qxg3 25. Nxg3 Rde8 26. Re3 Nc6 27. Rde1
Re5 28. Nf1 Rfe8 29. f4 Rxe3 30. Rxe3 Rxe3 31. Nxe3 Ne7 32. g4 Be4 33. Kf2 g6
34. c4 Kg7 35. Bc2 Bxc2 36. Nxc2 Kf6 37. Ke3 d5 38. c5 Nc6 39. a4 Nd8 40. Nd4
Ne6 1/2-1/2

[Event "Lloyds Bank Masters 1st"]
[Site "London"]
[Date "1977.08.27"]
[Round "2.6"]
[White "Birnboim, Nathan"]
[Black "Nicholson, John G"]
[Result "1-0"]
[WhiteElo "2440"]
[BlackElo "2320"]
[PlyCount "79"]
[EventDate "1977.08.26"]
[EventType "swiss"]
[EventRounds "10"]
[EventCountry "ENG"]

1. d4 Nf6 2. Nf3 c5 3. d5 d6 4. g3 g6 5. Bg2 Bg7 6. O-O O-O 7. c4 b5 8. cxb5 a6
9. bxa6 Bxa6 10. Nc3 Nbd7 11. h3 Nb6 12. Re1 Nfd7 13. Qc2 Nc4 14. Nd2 Ndb6 15.
b3 Nxd2 16. Qxd2 c4 17. Bb2 cxb3 18. axb3 Qb8 19. Na4 Bxb2 20. Qxb2 Nd7 21. b4
Qb7 22. Nc3 Bc4 23. b5 Nb6 24. Red1 Rxa1 25. Rxa1 Bxd5 26. Nxd5 Nxd5 27. Qb3 e6
28. Bxd5 exd5 29. b6 Rb8 30. Rb1 Kf8 31. Qb4 Ke7 32. Qh4+ Ke6 33. Rb3 Kd7 34.
Qxh7 Kc6 35. Qg7 Ra8 36. Qd4 Ra5 37. Rc3+ Kb5 38. Qd3+ Kb4 39. Rb3+ Ka4 40. Qb1
1-0

[Event "Lloyds Bank Masters 1st"]
[Site "London"]
[Date "1977.08.27"]
[Round "2.7"]
[White "Patrick, David I"]
[Black "Formanek, Edward W"]
[Result "0-1"]
[WhiteElo "2290"]
[BlackElo "2410"]
[PlyCount "48"]
[EventDate "1977.08.26"]
[EventType "swiss"]
[EventRounds "10"]
[EventCountry "ENG"]

1. e4 e6 2. d4 d5 3. Nc3 Bb4 4. e5 Ne7 5. Bd2 O-O 6. Bd3 f6 7. exf6 gxf6 8. Qh5
Rf7 9. O-O-O c5 10. dxc5 Nbc6 11. f4 b6 12. cxb6 Qxb6 13. Na4 Qa5 14. b3 Bxd2+
15. Rxd2 Bd7 16. Ne2 Nb4 17. Nec3 Bxa4 18. Nxa4 Nxa2+ 19. Kd1 Nc3+ 20. Nxc3
Qa1+ 21. Ke2 Qxh1 22. Qh3 Qa1 23. Nb5 f5 24. Nc7 Ng6 0-1

[Event "Lloyds Bank Masters 1st"]
[Site "London"]
[Date "1977.08.27"]
[Round "2.9"]
[White "Kinlay, Jonathan"]
[Black "Webb, Simon"]
[Result "1-0"]
[WhiteElo "2275"]
[BlackElo "2430"]
[PlyCount "59"]
[EventDate "1977.08.26"]
[EventType "swiss"]
[EventRounds "10"]
[EventCountry "ENG"]

1. e4 e5 2. f4 exf4 3. Nf3 d5 4. exd5 Nf6 5. Bc4 Nxd5 6. O-O Be7 7. Bb3 Be6 8.
c4 Nb6 9. d4 Nxc4 10. Nc3 c6 11. Bxf4 O-O 12. Qe2 b5 13. a4 Bd6 14. Bxd6 Qxd6
15. Ne4 Qf4 16. Nfg5 Qg4 17. Qd3 Nd7 18. axb5 cxb5 19. d5 Bf5 20. Rxf5 Nxb2 21.
Qf1 Rfe8 22. Rf4 Qh5 23. Qxb5 Ne5 24. d6 a6 25. Rxa6 Rad8 26. Qxe5 Qe2 27.
Bxf7+ Kh8 28. Bxe8 Qe3+ 29. Rf2 Rc8 30. Nf7+ 1-0

[Event "Lloyds Bank Masters 1st"]
[Site "London"]
[Date "1977.08.27"]
[Round "2.10"]
[White "Yeo, Michael J"]
[Black "Patterson, Nicholas J"]
[Result "1/2-1/2"]
[WhiteElo "2080"]
[BlackElo "2340"]
[PlyCount "75"]
[EventDate "1977.08.26"]
[EventType "swiss"]
[EventRounds "10"]
[EventCountry "ENG"]

1. e4 c5 2. Nf3 d6 3. d4 cxd4 4. Nxd4 Nf6 5. Nc3 a6 6. Bg5 e6 7. f4 Qb6 8. Qd2
Qxb2 9. Rb1 Qa3 10. Bxf6 gxf6 11. Be2 Bg7 12. O-O f5 13. Rfd1 O-O 14. exf5 Nc6
15. Nxc6 bxc6 16. Ne4 exf5 17. Rb3 Qa4 18. Nxd6 Be6 19. Rg3 Kh8 20. a3 c5 21.
Kh1 Ra7 22. Rxg7 Kxg7 23. Qc3+ f6 24. Qxc5 Rd7 25. Rd4 Qxd4 26. Qxd4 Rfd8 27.
h3 Rxd6 28. Qc5 Bd5 29. Bxa6 Be4 30. Bd3 Bxd3 31. cxd3 Kg6 32. g4 fxg4 33. hxg4
Rxd3 34. Qe7 Rd1+ 35. Kg2 R1d2+ 36. Kf1 Rd1+ 37. Kf2 R1d2+ 38. Kf1 1/2-1/2